000 01099nam a22002657a 4500
005 20080905121451.0
008 110608t xxu||||| |||| 00| 0 hin d
010 _aHIN-92899
020 _c250.00
_a8190419544
035 _aHN-65245
037 _bDBAD / PUB
040 _aDPL
_bHN
082 _a158.1
100 _928442
_aशर्मा, दुर्गेश
245 _aअपने सपनों को जानें /
_cदुर्गेश शर्मा
260 _aदिल्ली
_bहिमालय प्रकाशन
_c2011
270 _aए-76/4, गली नं-12, ईस्ट आजाद नगर
_bदिल्ली
_e110051
300 _a176पृ
_c22सेमी (सजिल्द)
_bसचित्र
650 _928443
650 _928455
700 _928521
700 _928536
942 _adpl
_cHN
_2ddc
_mशर्मादु
_h158.1
999 _c52839
_d52839